Analysis of perchlorate in water and soil by electrospray LC/MS/MS /

Uloženo v:
Podrobná bibliografie
Hlavní autor: Winkler, Paul.
Další autoři: Minteer, Mark., Willey, Janice.
Médium: Článek
Jazyk:English
Témata:
Tagy: Přidat tag
Žádné tagy, Buďte první, kdo otaguje tento záznam!
Thư viện lưu trữ: Thư viện Trường Đại học Đà Lạt
LEADER 01012nam a2200349 4500
001 DLU090097710
005 ##20091201
040 # # |a DLU  |b eng 
041 # # |a eng 
044 # # |a us 
100 # # |a Winkler, Paul.  
245 # # |a Analysis of perchlorate in water and soil by electrospray LC/MS/MS /  |c Paul Winkler, Mark Minteer, Janice Willey. 
653 # # |a Electrospray 
653 # # |a Liquid chromatography 
653 # # |a Mass spectrometry 
653 # # |a Perchlorates 
653 # # |a Performance evaluation 
653 # # |a Soil 
653 # # |a Standard deviation 
653 # # |a Water 
700 # # |a Minteer, Mark.  
700 # # |a Willey, Janice.  
773 # # |t Analytical Chemistry  |g Vol. 76, no. 2 (January 2004), p. 469-473 
920 # # |a Phòng Tạp chí -- Trung tâm Thông tin - Thư viện Trường Đại học Đà Lạt 
994 # # |a DLU 
900 # # |a True 
911 # # |a Trương Bảo Trâm Anh 
925 # # |a G 
926 # # |a A 
927 # # |a BB 
980 # # |a Thư viện Trường Đại học Đà Lạt